LEADER 04749nam 2200817Ia 450 001 9910959723803321 005 20200520144314.0 010 $a9786612098178 010 $a9780262291934 010 $a0262291932 010 $a9781282098176 010 $a1282098179 010 $a9780262272643 010 $a0262272644 010 $a9781423790242 010 $a1423790243 035 $a(CKB)1000000000464424 035 $a(EBL)3338630 035 $a(SSID)ssj0000145439 035 $a(PQKBManifestationID)11150796 035 $a(PQKBTitleCode)TC0000145439 035 $a(PQKBWorkID)10157392 035 $a(PQKB)10916442 035 $a(MiAaPQ)EBC3338630 035 $a(OCoLC)70824653$z(OCoLC)191818217$z(OCoLC)473705996$z(OCoLC)614988495$z(OCoLC)648225992$z(OCoLC)652058083$z(OCoLC)722565895$z(OCoLC)743198254$z(OCoLC)815776498$z(OCoLC)888790196$z(OCoLC)961648661$z(OCoLC)962619606$z(OCoLC)975686720$z(OCoLC)1005639334$z(OCoLC)1018060817$z(OCoLC)1042321586$z(OCoLC)1053492255 035 $a(OCoLC-P)70824653 035 $a(MaCbMITP)2691 035 $a(Au-PeEL)EBL3338630 035 $a(CaPaEBR)ebr10173691 035 $a(CaONFJC)MIL209817 035 $a(OCoLC)70824653 035 $a(PPN)170262529 035 $a(FR-PaCSA)88800261 035 $a(FRCYB88800261)88800261 035 $a(EXLCZ)991000000000464424 100 $a20060112d2006 uy 0 101 0 $aeng 135 $aur|n|---||||| 181 $ctxt 182 $cc 183 $acr 200 00$aEli Heckscher, international trade, and economic history /$fedited by Ronald Findlay ... [et al.] 205 $a1st ed. 210 $aCambridge, MA ;$aLondon $cMIT$d2006 215 $a1 online resource (573 p.) 300 $aDescription based upon print version of record. 311 08$a9780262062510 311 08$a0262062518 320 $aIncludes bibliographical references. 327 $aPreface; 1 - Introduction; 2 - Recent Methodological Developments in Economic History; 3 - The Making of the Economic Historian: Eli F.Heckscher, 1897-1904*; 4 - Eli Heckscher and the Holy Trinity; 5 - Heckscher-Ohlin Theory and Individual Attitudes Toward Globalization; 6 - Mediterranean Trade in Biblical Times; 7 - Demographic Shocks and the Factor Proportions Model: From the Plague of Justinian to the Black Death; 8 - Explaining World Tariffs,1870-1938: Stolper-Samuelson, Strategic Tariffs, and State Revenues; 9 - Eli Heckscher and His Mercantilism Today 327 $a10 - Mercantilism: Power and Plenty Through the Lens of Strategic Trade Policy11 - Mercantilism, the Enlightenment, and theI ndustrial Revolution; 12 - The Contemporary Relevance of Heckscher's Mercantilism; 13 - The Continental System After Eighty Years; 14 - Eli Heckscher, Economic Warfare, Naval Blockades, and The Continental System; 15 - The Hanoverian State and the Defeat of the Continental System: A Conversation with Eli Heckscher; 16 - Swedish Industrialization 1870-1930 and the Heckscher-Ohlin Theory; 17 - Eli F. Heckscher's Vision of Economic Development 327 $a18 - From Wartime Provisioning to Barbarous Prosperity: Eli F. Heckscher's Investigations of Food Consumption in Early Modern Sweden19 - A Portrait of Our Grandfather; 20 - Eli Heckscher Today: A Bibliometric Picture; 21 - When Heckscher Changed Direction: From Social Conservatism to Economic Liberalism; 22 - Eli Heckscher on Jewish Assimilation and Zionism; Index 330 3 $a"The contributors first discuss Heckscher's efforts to forge the discipline of economic history by combining both the historian's careful evaluation of sources and the economist's rigorous models. The Heckscher-Ohlin theory of factor proportions is described and tested empirically. Contributors then apply the theory to historical material, including Mediterranean trade in Biblical times, the economic effects of two periods of plague eight centuries apart, and tariff policy in 35 countries from 1870 to 1938. Heckscher's masterly work on mercantilism, the Continental Blockade, and Swedish economic history is also described and appraised in light of recent historical research."--Jacket. 606 $aInternational trade 606 $aEconomic history 606 $aMercantile system 606 $aHeckscher-Ohlin principle 615 0$aInternational trade. 615 0$aEconomic history. 615 0$aMercantile system. 615 0$aHeckscher-Ohlin principle. 676 $a382.01 686 $a83.42$2bcl 701 $aFindlay$b Ronald$0120811 801 0$bMiAaPQ 801 1$bMiAaPQ 801 2$bMiAaPQ 906 $aBOOK 912 $a9910959723803321 996 $aEli Heckscher, international trade, and economic history$94341571 997 $aUNINA LEADER 02038nam0 22004333i 450 001 CFI0144524 005 20251003044125.0 010 $a8878020451 010 $a887802046X 020 $aIT$b91-6687 100 $a20130827d1988 ||||0itac50 ba 101 | $aita 102 $ait 181 1$6z01$ai $bxxxe 182 1$6z01$an 200 1 $aˆL'‰impresa policellulare$eper un management del disordine$fHubert Landier$gsaggio introduttivo di Giuseppe Varchetta 210 $aMilano$cGuerini$d1988 215 $a260 p.$d24 cm 225 | $aNetwork 300 $aTrad. di Luisa Bonesio. 410 0$1001CFI0161933$12001 $aNetwork 500 10$aˆL'‰enterprise polycellulaire. -$3CFI0162221$9CFIV093136$913151 606 $aAziende$xOrganizzazione$2FIR$3CFIC004905$9E 676 $a302.35$9INTERAZIONE SOCIALE IN GRUPPI ORGANIZZATI GERARCHICAMENTE (COMPLESSI)$v21 676 $a658.402$9QUADRI DIRIGENTI E INTERMEDI. ORGANIZZAZIONE INTERNA$v19 676 $a658.402$9GESTIONE DELLA DIREZIONE. ORGANIZZAZIONE INTERNA$v20 696 $aImprese$aOrganizzazione 699 $aAziende$yImprese 699 $aOrganizzazione$zOrganizzazione 700 1$aLandier$b, Hubert$3CFIV093136$4070$0115568 702 1$aVarchetta$b, Giuseppe$3CFIV037973 801 3$aIT$bIT-000000$c20130827 850 $aIT-BN0095 901 $bNAP 01$cPOZZO LIB.$nVi sono collocati fondi di economia, periodici di ingegneria e scienze, periodici di economia e statistica e altri fondi comprendenti documenti di economia pervenuti in dono. 912 $aCFI0144524 950 0$aBiblioteca Centralizzata di Ateneo$c1 v.$d 01POZZO LIB.ECON MON 9488$e 0101 0000103875E VMA 1 v. (precedente collocazione: GUERRAZZI B 298)$fB $h20071011$i20071011$c1 v.$d 01POZZO LIB.F. CORTI 182$e 01 0000117895E VMA 1 v.$fB $h20230724$i20230724 977 $a 01 996 $aEnterprise polycellulaire$913151 997 $aUNISANNIO